[Event "GER-chT U12"]
[Site "Magdeburg"]
[Date "2023.12.29"]
[Round "6.6"]
[White "Rabus, Johann"]
[Black "Mueller, Stefan1"]
[Result "1-0"]
[WhiteElo "1349"]
[BlackElo "1313"]
[PlyCount "85"]
[EventDate "2023.12.26"]
[EventType "team-swiss"]
[EventRounds "7"]
[EventCountry "GER"]
[SourceTitle "CB03_2024"]
[SourceDate "2024.01.17"]
[SourceVersion "1"]
[SourceVersionDate "2024.01.17"]
[SourceQuality "1"]
[WhiteTeam "Oberschoeneweide"]
[BlackTeam "Chemnitz USG"]
[WhiteTeamCountry "GER"]
[BlackTeamCountry "GER"]

1. e4 e5 2. Nf3 Nc6 3. d4 exd4 4. Nxd4 Nf6 5. Nxc6 bxc6 6. Nc3 Bb7 7. Bg5 Qe7 8. Bd3 d5 9. 0-0 Qe5 10. f4 Qd4+ 11. Kh1 Be7 12. exd5 0-0 13. Bxh7+ Nxh7 14. Qxd4 Nxg5 15. fxg5 Bxg5 16. dxc6 Ba6 17. Rf3 Rad8 18. Nd5 Rfe8 19. Rg3 Bh6 20. Rd1 Kf8 21. Qxa7 Be2 22. Qc5+ Kg8 23. Ne7+ Kh8 24. Rxd8 Rxd8 25. Nd5 Bh5 26. a4 Bg6 27. Rxg6 fxg6 28. g3 Ra8 29. Nxc7 Rxa4 30. Ne6 Ra8 31. c7 Rc8 32. Qf8+ Rxf8 33. Nxf8 Be3 34. c8Q Kg8 35. Qe6+ Kxf8 36. Qxe3 Kf7 37. c4 Kf6 38. c5 Kf7 39. c6 Kg8 40. c7 Kh7 41. c8R g5 42. Qe4+ Kh6 43. Rh8# 1-0

[Event "GER-ch U18 sf Berlin Online"]
[Site "Playchess.com INT"]
[Date "2020.05.01"]
[Round "12"]
[White "Hoyer, Max"]
[Black "Rabus, Johann"]
[Result "1-0"]
[WhiteElo "1620"]
[BlackElo "1302"]
[PlyCount "43"]
[EventDate "2020.05.01"]
[EventType "swiss (blitz)"]
[EventRounds "13"]
[EventCountry "GER"]
[SourceTitle "CBM 195 Extra"]
[Source "ChessBase"]
[SourceDate "2020.05.31"]
[SourceVersion "1"]
[SourceVersionDate "2020.05.31"]
[SourceQuality "1"]

1. e4 e5 2. Nf3 Nf6 3. Nxe5 d6 4. Nc4 Nxe4 5. d3 d5 6. Ne3 Nf6 7. Be2 Bd6 8. 0-0 Be6 9. Bf3 c6 10. d4 Nbd7 11. Nc3 Qc7 12. h3 0-0-0 13. Bg4 Bxg4 14. Nxg4 Nxg4 15. Qxg4 h5 16. Qxg7 Rdg8 17. Qxf7 Qd8 18. Re1 Kb8 19. Bd2 Rf8 20. Qg6 Rhg8 21. Qxh5 Qe7 22. Rxe7 1-0

[Event "GER-ch Net Amateur Gr-C Vor3"]
[Site "Playchess.com INT"]
[Date "2020.04.16"]
[Round "4"]
[White "Rabus, Johann"]
[Black "Stein, Daniel2222"]
[Result "1-0"]
[WhiteElo "1244"]
[BlackElo "1146"]
[PlyCount "57"]
[EventDate "2020.04.16"]
[EventType "swiss (blitz)"]
[EventRounds "9"]
[EventCountry "GER"]
[SourceTitle "CBM 195 Extra"]
[Source "ChessBase"]
[SourceDate "2020.05.31"]
[SourceVersion "1"]
[SourceVersionDate "2020.05.31"]
[SourceQuality "1"]

1. c4 e5 2. Nc3 Nc6 3. g3 Nf6 4. Bg2 Bc5 5. Nf3 d6 6. e3 Bg4 7. d3 Qd7 8. h3 Bh5 9. 0-0 0-0-0 10. a3 d5 11. b4 Bb6 12. c5 d4 13. exd4 Bxf3 14. Bxf3 exd4 15. Bxc6 Qxc6 16. Ne2 h6 17. cxb6 Qxb6 18. Bb2 c5 19. Rb1 cxb4 20. axb4 Qxb4 21. Bxd4 Qa4 22. Qxa4 a6 23. Ba7 Rd7 24. Rbc1+ Rc7 25. Bb6 Rc6 26. Rxc6+ bxc6 27. Qxc6+ Kb8 28. Qc7+ Ka8 29. Qa7# 1-0

[Event "GER-ch Net Amateur Gr-C Vor2"]
[Site "Playchess.com INT"]
[Date "2020.04.15"]
[Round "7"]
[White "Roos Nazario, Valentin1111"]
[Black "Rabus, Johann"]
[Result "0-1"]
[WhiteElo "1382"]
[BlackElo "1328"]
[PlyCount "126"]
[EventDate "2020.04.15"]
[EventType "swiss (blitz)"]
[EventRounds "9"]
[EventCountry "GER"]
[SourceTitle "CBM 196 Extra"]
[Source "ChessBase"]
[SourceDate "2020.07.31"]
[SourceVersion "1"]
[SourceVersionDate "2020.07.31"]
[SourceQuality "1"]

1. e4 e5 2. Nf3 Nf6 3. Bc4 Nxe4 4. Nxe5 d5 5. Bb5+ c6 6. Bd3 Qg5 7. Bxe4 Qxe5 8. 0-0 dxe4 9. Re1 Be6 10. d3 Bd6 11. g3 0-0 12. Rxe4 Qd5 13. Nc3 Qf5 14. Rh4 Qf6 15. Qh5 Qg6 16. Qe2 Be7 17. Rf4 Bg5 18. Rb4 Bxc1 19. Rxc1 b6 20. Ne4 c5 21. Ra4 Bd7 22. Ra3 Nc6 23. Rb3 Nd4 24. Qe3 Nxb3 25. cxb3 Qh6 26. Qe1 Qh3 27. Ng5 Qh5 28. Ne4 Bc6 29. Qd2 Qh3 30. f3 Qh6 31. Qd1 Rad8 32. Qe2 Qxc1+ 33. Kg2 Bxe4 34. fxe4 Rfe8 35. Kf3 Rd4 36. h4 Red8 37. Kg4 Rxd3 38. Qf2 Qd1+ 39. Kh3 Qh1+ 40. Kg4 R8d4 41. Qf5 Qxe4+ 42. Qxe4 Rxe4+ 43. Kf5 Re2 44. Kf4 Rxb2 45. Ke4 Rdd2 46. Ke3 Rxa2 47. Kf3 Rf2+ 48. Ke3 Rae2+ 49. Kd3 Rg2 50. Kc4 Rxg3 51. Kb5 Rg4 52. Ka6 Rb2 53. Kb5 Rxb3+ 54. Kc6 a5 55. Kd5 a4 56. Kd6 a3 57. Kc7 a2 58. Kb7 a1Q 59. Kc6 Qa4+ 60. Kb7 Rd4 61. Kc7 Rd7+ 62. Kb8 Qa7+ 63. Kc8 Qb7# 0-1

[Event "GER-ch Net Amateur Gr-C Vor1"]
[Site "Playchess.com INT"]
[Date "2020.04.14"]
[Round "6"]
[White "Klees, Robert"]
[Black "Rabus, Johann"]
[Result "1-0"]
[WhiteElo "1620"]
[BlackElo "1620"]
[PlyCount "49"]
[EventDate "2020.04.14"]
[EventType "swiss (blitz)"]
[EventRounds "9"]
[EventCountry "GER"]
[SourceTitle "CBM 196 Extra"]
[Source "ChessBase"]
[SourceDate "2020.07.31"]
[SourceVersion "1"]
[SourceVersionDate "2020.07.31"]
[SourceQuality "1"]

1. e4 e5 2. Nf3 Nf6 3. Nxe5 d6 4. Nf3 Nxe4 5. d4 d5 6. Qe2 Nc6 7. c4 Qe7 8. cxd5 Nd8 9. Ne5 Nf6 10. Bg5 h6 11. Bxf6 Qxf6 12. Ng6+ Be7 13. Nxh8 Kf8 14. Nc3 Kg8 15. Ne4 Qg6 16. Nxg6 fxg6 17. Nc5 Kh7 18. Qxe7 b6 19. Qxd8 bxc5 20. Bd3 cxd4 21. Qxc7 Bg4 22. Qc6 Rc8 23. Qxg6+ Kg8 24. Qxg4 Re8+ 25. Kd2 1-0

[Event "GER-ch Net Amateur Gr-C Vor1"]
[Site "Playchess.com INT"]
[Date "2020.04.14"]
[Round "2"]
[White "Rabus, Johann"]
[Black "Birk, Wilfried Christoph"]
[Result "1/2-1/2"]
[WhiteElo "1620"]
[BlackElo "1217"]
[PlyCount "49"]
[EventDate "2020.04.14"]
[EventType "swiss (blitz)"]
[EventRounds "9"]
[EventCountry "GER"]
[SourceTitle "CBM 196 Extra"]
[Source "ChessBase"]
[SourceDate "2020.07.31"]
[SourceVersion "1"]
[SourceVersionDate "2020.07.31"]
[SourceQuality "1"]

1. c4 c5 2. Nc3 Nf6 3. g3 e6 4. Bg2 Be7 5. Nf3 b6 6. Ne5 Nc6 7. Nxc6 dxc6 8. Bxc6+ Bd7 9. Bxa8 Qxa8 10. 0-0 0-0 11. d3 Rd8 12. e4 Bc6 13. Bg5 Bb7 14. Ne2 Kf8 15. Bxf6 Bxf6 16. Re1 Bxe4 17. Nf4 Rxd3 18. Qe2 Rd4 19. Rad1 Rxd1 20. Rxd1 Bf3 21. Rd8+ Qxd8 22. Qxf3 Bxb2 23. Nd3 Bf6 24. Kg2 h6 25. Nf4 1/2-1/2

[Event "GER-ch Net Amateur Gr-C Vor1"]
[Site "Playchess.com INT"]
[Date "2020.04.14"]
[Round "4"]
[White "Slotta, Nico"]
[Black "Rabus, Johann"]
[Result "1-0"]
[WhiteElo "1428"]
[BlackElo "1620"]
[PlyCount "65"]
[EventDate "2020.04.14"]
[EventType "swiss (blitz)"]
[EventRounds "9"]
[EventCountry "GER"]
[SourceTitle "CBM 196 Extra"]
[Source "ChessBase"]
[SourceDate "2020.07.31"]
[SourceVersion "1"]
[SourceVersionDate "2020.07.31"]
[SourceQuality "1"]

1. c4 Nf6 2. Nc3 c5 3. g3 Nc6 4. Bg2 b6 5. Nf3 Bb7 6. 0-0 g6 7. d3 Bg7 8. Bf4 0-0 9. Qd2 Ng4 10. h3 Nf6 11. Bh6 d6 12. Bxg7 Ne5 13. Bxf8 Nxf3+ 14. Bxf3 Bxf3 15. exf3 Kxf8 16. Nd5 Nxd5 17. cxd5 e6 18. dxe6 fxe6 19. Qf4+ Kg7 20. Rfe1 e5 21. Qd2 Rc8 22. f4 Qf6 23. fxe5 dxe5 24. Qe3 e4 25. Qxe4 Qxb2 26. Qe5+ Kh6 27. Qxb2 Re8 28. Rxe8 g5 29. Qf6+ Kh5 30. g4+ Kh4 31. Kg2 h5 32. Rg8 hxg4 33. Qxg5# 1-0